000 00703cam a22002052 4500
001 0000024986
005 20151217161558.0
008 140410s xx 000 0 eng d
040 _aKABU
_cKABU
100 1 _aGachoka, Janet.
_@0000182827
245 1 0 _aEffects of strategies used in enhancing the competitiveness of tour and travel industry :
_ba case of Nakuru Municipality /
_cJanet Gachoka.
250 _a1st ed.
260 _aNakuru :
_bKabarak University,
_c2012.
300 _ax, 49 leaves.
502 _aThesis (MBA) - Kabarak University, 2012.
650 0 _aTourism
_zKenya.
_@0000149686
908 _a140410
950 _@1
999 _c15404
_d15404